Normal view MARC view
  • Great Britain

Entry Geographic Name

Number of records used in: 4

001 - CONTROL NUMBER

  • control field: 11898

003 - CONTROL NUMBER IDENTIFIER

  • control field: NUST

005 - DATE AND TIME OF LATEST TRANSACTION

  • control field: 20180720100224.0

008 - FIXED-LENGTH DATA ELEMENTS

  • fixed length control field: 180720|| aca||aabn | a|a d

040 ## - CATALOGING SOURCE

  • Original cataloging agency: NUST
  • Transcribing agency: NUST

151 ## - HEADING--GEOGRAPHIC NAME

  • Geographic name: Great Britain
  • General subdivision: History
  • Chronological subdivision: William I, 1066-1087
  • Form subdivision: Fiction.

670 ## - SOURCE DATA FOUND

  • Source citation: Work cat.: (NUST)173296: Chadwick, Elizabeth, 1957- 11895, The winter mantle /, 2002.
© 2023 Central Library, National University of Sciences and Technology. All Rights Reserved.